000 00480nam a2200169Ia 4500
003 IN-BaIIA
008 211028s9999 xx 000 0 eng d
040 _cIIA Library
080 _a681.3
_bSMI
100 _aSmith, C. V. L.
_93672
245 0 _aElectronic digital computers
_c C. V. L. Smith
260 _aNew York
_bMcGraw-Hill
_c1959
300 _aix, 443p.
650 _aComputers
_92283
650 _aNASA thesaurus
942 _cBK
999 _c1929
_d1929